Královská sága plná sexu. Kniha čtvrtá, Sen /
Erotický román, ve kterém Bell Stuartová naváže vztah se svým šéfem Smithem Pricem, který je příšerný, arogantní, panovačný a má hodně nebezpečná tajemství.
Uloženo v:
| Série: | Královská sága,
část 4 |
|---|---|
| Hlavní autor: | |
| Další autoři: | |
| Médium: | E-kniha |
| Jazyk: | Czech |
| Vydáno: |
Praha :
Dobrovský s.r.o.,
2023
|
| Edice: | Red
|
| Témata: | |
| Příbuzné jednotky: | Z cyklu::
Královská sága |
| Tagy: |
Žádné tagy |
| LEADER | 02302nam a2200481 i 4500 | ||
|---|---|---|---|
| 001 | 312220 | ||
| 003 | CZ PrSKC | ||
| 005 | 20260601215719.0 | ||
| 007 | ta | ||
| 008 | 231215s2023 xr e 000 f cze | ||
| 015 | |a cnb003578683 | ||
| 020 | |a 9788027712526 |q (brožováno) | ||
| 035 | |a (OCoLC)1420607857 | ||
| 040 | |a ABG001 |b cze |e rda | ||
| 041 | 1 | |a cze |h eng | |
| 072 | 7 | |a 821.111(73)-3 |x Americká próza |2 Konspekt | |
| 080 | |a 821.111(73)-31 |2 MRF | ||
| 080 | |a (0:82-993) |2 MRF | ||
| 100 | 1 | |a Lee, Geneva |7 xx0269323 |4 aut | |
| 240 | 1 | 0 | |a Crave me. |l Česky |
| 245 | 1 | 0 | |a Královská sága plná sexu. |n Kniha čtvrtá, |p Sen / |c Geneva Lee ; přeložila Jana Milotová |
| 246 | 3 | 0 | |a Sen |
| 246 | 1 | 4 | |a Royal |
| 264 | 1 | |a Praha : |b Dobrovský s.r.o., |c 2023 | |
| 300 | |a 248 stran ; |c 20 cm | ||
| 336 | |a text |b txt |2 rdacontent | ||
| 337 | |a bez média |b n |2 rdamedia | ||
| 338 | |a svazek |b nc |2 rdacarrier | ||
| 490 | 1 | |a Red | |
| 500 | |a Přeloženo z angličtiny | ||
| 520 | 2 | |a Erotický román, ve kterém Bell Stuartová naváže vztah se svým šéfem Smithem Pricem, který je příšerný, arogantní, panovačný a má hodně nebezpečná tajemství. |b Příběh Smithe a Belle je plný zvratů, žhavých scén a nečekaných událostí. Belle poznává svět, o němž kdysi neměla ani tušení, a propadá kouzlu vztahu založeného na dominanci a submisi. Její láska ke Smithovi ale vzkvete dřív, než se o něm dozví plnou pravdu. Nakladatelská anotace. Kráceno. | |
| 655 | 7 | |a americké romány |7 fd131796 |2 czenas | |
| 655 | 7 | |a erotické romány |7 fd132211 |2 czenas | |
| 655 | 9 | |a American fiction |2 eczenas | |
| 655 | 9 | |a erotic novels |2 eczenas | |
| 700 | 1 | |a Milotová, Jana, |d 1989- |7 xx0282530 |4 trl | |
| 787 | 0 | 8 | |i Z cyklu: |t Královská sága |g 4 |
| 830 | 0 | |a Red | |
| 900 | |a ABA001 |b 21 | ||
| 044 | |a xr | ||
| 910 | |a RBIT002 | ||
| 998 | |d 394209 |a https://core.palmknihy.cz/api/books/394209/cover?s5zt1g |b https://core.palmknihy.cz/api/books/394209/cover/400?s5zt1g |c https://core.palmknihy.cz/api/books/394209/cover/50?s5zt1g |e 2027-02-01 |g 252 |i 9788027712526 |j https://core.palmknihy.cz/api/books/394209/preview.epub |k https://core.palmknihy.cz/api/books/394209/preview.pdf |l |q 49 |r 1 |s https://www.palmknihy.cz/kniha/394209 |t ebook |y 2023 |z 0 |v Královská sága |w 4 | ||
| 999 | |d 312218 | ||